Statistics for NBA Slam Dunk Contest Participants (2011-2022)

Click here to take the quiz!

General Stats

  • This quiz has been taken 80 times
  • The average score is 28 of 51

Answer Stats

Answer% Correct
Blake Griffin
89%
Aaron Gordon
87%
Aaron Gordon
87%
Aaron Gordon
87%
Jalen Green
85%
Obi Toppin
85%
Obi Toppin
85%
Gerald Green
83%
John Wall
83%
Derrick Jones Jr.
82%
Derrick Jones Jr.
82%
Zach Lavine
82%
Zach Lavine
82%
Donovan Mitchell
80%
Anfernee Simons
77%
Cole Anthony
75%
Dwight Howard
70%
Hamidou Diallo
69%
Paul George
69%
Paul George
69%
Victor Oladipo
69%
Victor Oladipo
69%
Juan Toscano-Anderson
66%
Glenn Robinson III
65%
DeMar DeRozan
62%
Miles Bridges
59%
Dennis Smith Jr.
58%
Dennis Smith Jr.
58%
John Collins
56%
DeAndre Jordan
55%
Damian Lillard
52%
Pat Connaughton
51%
Giannis Antetokounmpo
49%
Terrence Ross
48%
Terrence Ross
48%
Andre Drummond
41%
Serge Ibaka
35%
Cassius Stanley
32%
Derrick Williams
31%
Harrison Barnes
30%
Will Barton
30%
JaVale McGee
25%
Larry Nance Jr.
24%
Jeremy Evans
23%
Jeremy Evans
23%
Kenneth Faried
14%
Eric Bledsoe
11%
James White
8%
Mason Plumlee
8%
Ben McLemore
7%
Chase Budinger
3%

Score Distribution

Percentile by Number Answered

Percent of People with Each Score

Your Score History

You have not taken this quiz